000 01042nam a22002652 4500
001 0000025434
005 20151217154540.0
008 150917s xx 000 0 eng d
020 _a1611631784 :
040 _aKABU
_cKABU
100 1 _aLowenstein, Daniel Hays.
_@0000186074
245 1 0 _aElection Law :
_bcases and materials /
_cby Daniel Hays Lowenstein, Richard L. Hassen and Daniel P. Tokaji.
250 _a 5th ed.
260 _aNorth Carolina :
_bCarolina Academic Press,
_c2012.
300 _a xxix, 981 p.
650 0 _aElection law
_xUnited States.
_@0000186075
852 1 _9P32,500KES
852 1 _9P32,500KES
852 1 _9P32,500KES
852 1 _9P32,500KES
852 1 _9P32,500KES
852 1 _9P32,500KES
908 _a150917
950 _@1
999 _c11702
_d11702